Every Song by Fastball - Statistics

General Stats
  • This quiz has been taken 11 times
    4 since last reset
  • The average score is 35 of 116
Answer Stats
Album Song % Correct
All the Pain Money Can Buy(1998) The Way
100%
The Harsh Light of Day(2000) You're an Ocean
100%
Make Your Mama Proud(1996) Are You Ready for the Fallout?
75%
All the Pain Money Can Buy(1998) Better Than It Was
75%
All the Pain Money Can Buy(1998) Charlie, The Methadone Man
75%
All the Pain Money Can Buy(1998) Damaged Goods
75%
All the Pain Money Can Buy(1998) Fire Escape
75%
All the Pain Money Can Buy(1998) G.O.D. (Good Old Days)
75%
Little White Lies(2009) Little White Lies
75%
Make Your Mama Proud(1996) Make Your Mama Proud
75%
All the Pain Money Can Buy(1998) Nowhere Road
75%
All the Pain Money Can Buy(1998) Slow Drag
75%
All the Pain Money Can Buy(1998) Sooner or Later
75%
All the Pain Money Can Buy(1998) Sweetwater, Texas
75%
All the Pain Money Can Buy(1998) Warm Fuzzy Feeling
75%
All the Pain Money Can Buy(1998) Which Way to the Top?
75%
Keep Your Wig On(2004) Airstream
50%
Make Your Mama Proud(1996) Altamont
50%
Make Your Mama Proud(1996) Back Door
50%
Painting the Corners: The Best of Fastball(2002) Black Rain
50%
Make Your Mama Proud(1996) Boomerang
50%
The Harsh Light of Day(2000) Dark Street
50%
Step Into Light(2017) | The Harsh Light of Day(2000) Don't Give Up On Me
50%
Make Your Mama Proud(1996) Eater
50%
Make Your Mama Proud(1996) Emily
50%
The Harsh Light of Day(Bonus)(2000) Emotional
50%
Keep Your Wig On(2004) Falling Upstairs
50%
Step Into Light(2017) Frenchy and the Punk
50%
The Harsh Light of Day(2000) Funny How It Fades Away
50%
The Harsh Light of Day(2000) Goodbye
50%
Make Your Mama Proud(1996) Human Torch
50%
Step Into Light(2017) I Will Never Let You Down
50%
Make Your Mama Proud(1996) Knock It Down
50%
Make Your Mama Proud(1996) Lender
50%
The Harsh Light of Day(Bonus)(2000) Love Doesn’t Kill You
50%
The Harsh Light of Day(2000) Love Is Expensive and Free
50%
The Harsh Light of Day(2000) Morning Star
50%
Make Your Mama Proud(1996) Nothing
50%
All the Pain Money Can Buy(1998) Out of My Head
50%
Keep Your Wig On(2004) Perfect World
50%
Little White Lies(2009) Rampart Street
50%
Keep Your Wig On(2004) Red Light
50%
Make Your Mama Proud(1996) Seattle
50%
Step Into Light(2017) Secret Agent Love
50%
Make Your Mama Proud(1996) She Comes ‘Round
50%
Little White Lies(2009) She's Got the Rain
50%
Keep Your Wig On(2004) Shortwave
50%
Step Into Light(2017) Tanzania
50%
Make Your Mama Proud(1996) Telephone Calls
50%
The Help Machine(2019) The Help Machine
50%
The Harsh Light of Day(2000) This Is Not My Life
50%
Keep Your Wig On(2004) ’Till I Get It Right
50%
The Harsh Light of Day(2000) Time
50%
The Harsh Light of Day(2000) Vampires
50%
The Harsh Light of Day(2000) Whatever Gets You On
50%
The Harsh Light of Day(2000) Wind Me Up
50%
Little White Lies(2009) All I Was Looking For Was You
25%
Sonic Ranch(2024) America
25%
Sonic Ranch(Bonus)(2025) California Man
25%
Sonic Ranch(2024) On and On
25%
Step Into Light(2017) Step Into Light
25%
Step Into Light(2017) We're on Our Way
25%
Little White Lies(2009) White Noise
25%
Sonic Ranch(Bonus)(2025) You Turned
25%
The Help Machine(2019) All Gone Fuzzy
0%
Little White Lies(2009) Always Never
0%
The Deep End(2022) Andrea
0%
All the Pain Money Can Buy(Bonus)(2018) Androgynous
0%
Little White Lies(2009) Angelie
0%
Step Into Light(2017) Behind the Sun
0%
Step Into Light(2017) Best Friend
0%
The Deep End(2022) Chump Change
0%
Sonic Ranch(2024) Daydream
0%
The Help Machine(2019) Doesn't It Make You Feel Small
0%
Keep Your Wig On(2004) Drifting Away
0%
The Deep End(2022) Electric Cool-Aide
0%
Non-Album(2001) Every Time She Walks
0%
All the Pain Money Can Buy(Bonus)(2018) Freeloader Freddie
0%
The Help Machine(2019) Friend or Foe
0%
Sonic Ranch(2024) Get You Off My Mind
0%
Sonic Ranch(2024) Grey Sky Blue
0%
The Deep End(2022) Growing Growing Gone
0%
The Help Machine(2019) Holding The Devil's Hand
0%
The Deep End(2022) House on the Edge of the World
0%
Little White Lies(2009) How Did I Get Here?
0%
Sonic Ranch(2024) Hummingbird
0%
Step Into Light(2017) Hung Up
0%
Keep Your Wig On(2004) I Get High
0%
The Help Machine(2019) I Go South
0%
Sonic Ranch(2024) I'll Be On My Way
0%
The Deep End(2022) Infatuation
0%
The Deep End(2022) I Only Remember the Good
0%
Step Into Light(2017) Just Another Dream
0%
Sonic Ranch(2024) Let Love Back In Your Heart
0%
Keep Your Wig On(2004) Lou-ee, Lou-ee
0%
Step Into Light(2017) Love Comes in Waves
0%
Keep Your Wig On(2004) Mercenary Girl
0%
Little White Lies(2009) Mono to Stereo
0%
The Help Machine(2019) Never Say Never
0%
Keep Your Wig On(2004) Our Misunderstanding
0%
All the Pain Money Can Buy(Bonus)(2018) Quit Your Job
0%
Sonic Ranch(2024) Rather Be Me Than You
0%
The Deep End(2022) Real Good Problems Here
0%
The Help Machine(2019) Redeemed
0%
The Deep End(2022) Seat at the Table
0%
Keep Your Wig On(2004) Someday
0%
Little White Lies(2009) Soul Radio
0%
The Deep End(2022) Soundtrack
0%
The Help Machine(2019) Surprise Surprise
0%
The Help Machine(2019) The Girl You Pretended to Be
0%
Sonic Ranch(2024) The Island of Me
0%
Little White Lies(2009) The Malcontent
0%
Sonic Ranch(Bonus)(2025) Waiting for You
0%
Little White Lies(2009) We'll Always Have Paris
0%
The Help Machine(2019) White Collar
0%
No matching quizzes found
Score Distribution
Percent of People with Each Score
Percentile by Number Answered
Your Score History
You have not taken this quiz since the last reset